00757nam a2200241 a 4500001001300000003000900013005001700022008004100039020002400080082001600104100002200120245005100142260004700193300000900240500003500249505001000284650002400294700002200318902000800340942000700348952014300355999001700498nice12345678IN_TiNIC20260116014424.0050524s2000 newa grp 000 0 eng  a0815623 c138500a303.69bBOU aBoulding, Elise C aCultures of Peaceb the Hidden Side of History aNew YorkbSyracuse University Press c2000 a347p aincludes index and biblioraphy2 aIndex aConflict Resolution1 aBoulding, Elise C bSRC cBK 001040708StackRoom-aHMIbHMId2010-04-12g1385.00l2o303.69 BOUp020184q2026-02-24r2026-02-10s2026-02-10v1385.00w2005-05-24yBK c15226d15226